000 00766nam a2200241Ia 4500
003 OSt
005 20221005112825.0
006 a|||||r|||| 00| 0
007 ta
008 221004b |||||||| |||| 00| 0 pan d
020 _c150
024 _a94623
037 _b72861, 31/12/2008, Arsee Publishers
_cTextual
040 _aCRL
_cCRL
_bpan
041 _2pan
_apan
082 _aO153,6N191x, P0
100 _aਅਮ੍ਰਿਤਾ ਪ੍ਰੀਤਮ
245 0 _aਜਗਦੇ ਵਰਕੇ
260 _aਦਿੱਲੀ
_bਆਰਸੀ ਭਾਰਤ
_c2000
300 _a135ਪੰ
_ccm.
942 _hO153,6N191x, P0
_cTEXL
_2cc
999 _c1026104
_d1026104